| 000 | 00613nam a22001817a 4500 | ||
|---|---|---|---|
| 999 |
_c192325 _d192325 |
||
| 005 | 20220919140957.0 | ||
| 010 | _aENG-135125 | ||
| 020 |
_a9780199481705 _c995.00 |
||
| 035 | _aEN-118657 | ||
| 037 | _bDBAD / PUB | ||
| 082 | _a327.17470954 | ||
| 100 | _aChaitanya Ravi | ||
| 245 |
_aA Debate to remember: _bThe US-India nuclear deal/ _cChaitanya Ravi |
||
| 260 |
_aNew Delhi _bOxford University Press _c2018 |
||
| 270 |
_a2/11 Ground Floor, Ansari road, Darya Ganj _bNew Delhi _e110002 |
||
| 300 |
_axix,309p. _c22cm(hb) _bAppendix, Bibliography, Index |
||
| 942 |
_2ddc _cEN _mCHA _h327.17470954 |
||